[Event "Bayern-ch Seniors 23rd"]
[Site "Bergen"]
[Date "2011.06.04"]
[Round "8"]
[White "Kellner, Adolf"]
[Black "Baumgartner, Andreas"]
[Result "1/2-1/2"]
[WhiteElo "1562"]
[BlackElo "1686"]
[PlyCount "99"]
[EventDate "2011.05.28"]
[EventType "swiss"]
[EventRounds "9"]
[EventCountry "GER"]
[SourceTitle "EXT 2012"]
[Source "ChessBase"]
[SourceDate "2011.11.24"]
[SourceVersion "1"]
[SourceVersionDate "2011.11.24"]
[SourceQuality "1"]

1. c4 Nf6 2. Nc3 e6 3. Nf3 d5 4. e3 c5 5. d4 cxd4 6. exd4 Be7 7. b3 0-0 8. g3 Qa5 9. Bd2 Qc7 10. c5 a6 11. b4 Nc6 12. Bf4 Qd8 13. a3 Nh5 14. Be3 Nf6 15. Bg2 h6 16. 0-0 Nh7 17. Na4 g5 18. Nb6 Ra7 19. Nxc8 Qxc8 20. Bh3 Nf6 21. Ne5 Kg7 22. f4 Ne4 23. f5 Nxe5 24. dxe5 f6 25. fxe6 Qc6 26. Bf5 Raa8 27. h4 Nxg3 28. Qd3 Nxf5 29. Rxf5 Qxe6 30. Bd4 Kg8 31. Qh3 Kh7 32. Qd3 Kg8 33. Raf1 fxe5 34. Bxe5 Rxf5 35. Rxf5 Rf8 36. Rxf8+ Bxf8 37. Qd4 gxh4 38. Kh2 h5 39. Qf4 Bh6 40. Qf6 Qxf6 41. Bxf6 Bf4+ 42. Kh3 Bg3 43. a4 Kf7 44. Bd4 Ke6 45. b5 axb5 46. axb5 Kf5 47. Bc3 Ke4 48. c6 bxc6 49. bxc6 d4 50. Bxd4 1/2-1/2

[Event "Bayern-ch Seniors 23rd"]
[Site "Bergen"]
[Date "2011.06.01"]
[Round "5"]
[White "Kellner, Adolf"]
[Black "Jurgan, Brigitte"]
[Result "1-0"]
[WhiteElo "1562"]
[BlackElo "1238"]
[PlyCount "86"]
[EventDate "2011.05.28"]
[EventType "swiss"]
[EventRounds "9"]
[EventCountry "GER"]
[SourceTitle "EXT 2012"]
[Source "ChessBase"]
[SourceDate "2011.11.24"]
[SourceVersion "1"]
[SourceVersionDate "2011.11.24"]
[SourceQuality "1"]

1. c4 e5 2. Nc3 Nf6 3. Nf3 d6 4. g3 g6 5. Bg2 Nc6 6. 0-0 Bg7 7. d4 exd4 8. Nxd4 Nxd4 9. Qxd4 0-0 10. Bd2 c6 11. Bf4 Ne8 12. Qd3 Be6 13. b3 Be5 14. Be3 Bf5 15. Qd2 Qd7 16. Bh6 Bg7 17. e4 Be6 18. Bxg7 Kxg7 19. Ne2 Rd8 20. Qb2+ f6 21. Nd4 Qf7 22. f4 Kg8 23. f5 Bc8 24. Bh3 g5 25. g4 Nc7 26. Bg2 h5 27. gxh5 Qxh5 28. Rf3 Rf7 29. Raf1 Rh7 30. Rh3 Qf7 31. Rxh7 Kxh7 32. Rf3 Rh8 33. Rh3+ Kg8 34. Rg3 Qh5 35. Bf3 Qh4 36. Qe2 Qf4 37. Rg4 Qe5 38. Qf2 Rh5 39. h4 Qc5 40. Ne2 Qe5 41. hxg5 Rxg5 42. Rxg5+ fxg5 43. Kg2 Qf4 1-0

[Event "Augsburg Afro op"]
[Site "Augsburg"]
[Date "2003.08.09"]
[Round "6"]
[White "Winter, Kathrin"]
[Black "Kellner, Adolf"]
[Result "1/2-1/2"]
[WhiteElo "1237"]
[BlackElo "1505"]
[PlyCount "114"]
[EventDate "2003.08.06"]
[EventType "swiss"]
[EventRounds "7"]
[EventCountry "GER"]
[SourceTitle "EXT 2006"]
[Source "ChessBase"]
[SourceDate "2005.11.24"]
[SourceVersion "1"]
[SourceVersionDate "2005.11.24"]
[SourceQuality "1"]

1. e4 c6 2. d4 d5 3. Nc3 dxe4 4. Nxe4 Nf6 5. Nxf6+ gxf6 6. Nf3 Bf5 7. Bd3 Bxd3 8. Qxd3 e6 9. Be3 Qa5+ 10. c3 Qa6 11. Qxa6 Nxa6 12. 0-0-0 0-0-0 13. Bf4 h5 14. Kc2 h4 15. h3 Bd6 16. Bxd6 Rxd6 17. Rhg1 Nc7 18. c4 b5 19. b3 a5 20. a4 b4 21. Rde1 Ne8 22. Re4 f5 23. Rxh4 Rxh4 24. Nxh4 Rxd4 25. Nf3 Re4 26. Re1 Rxe1 27. Nxe1 e5 28. Nf3 f6 29. Kd2 Kd7 30. Ke3 f4+ 31. Ke2 Nd6 32. Ne1 Nf5 33. Nf3 Ke6 34. Kd3 Kd6 35. Ke4 Ke6 36. Nd2 Nd6+ 37. Kf3 f5 38. h4 Kf6 39. g4 fxg3 40. fxg3 Kg6 41. Ke3 Kh5 42. Kf3 Nb7 43. Nf1 Nc5 44. Nd2 e4+ 45. Ke3 Kg6 46. Kd4 Ne6+ 47. Ke3 c5 48. Nf1 Nd4 49. Nd2 Nc2+ 50. Ke2 Nd4+ 51. Ke3 Ne6 52. Nf1 Ng7 53. Kf2 Nh5 54. Ne3 Kh6 55. Nxf5+ Kg6 56. Ne7+ Kh6 57. Nf5+ Kg6 1/2-1/2

[Event "Augsburg Afro Seniors op 9th"]
[Site "Augsburg"]
[Date "2002.08.11"]
[Round "7"]
[White "Schmidt, Stephan2222"]
[Black "Kellner, Adolf"]
[Result "0-1"]
[WhiteElo "1633"]
[BlackElo "1549"]
[PlyCount "94"]
[EventDate "2002.08.08"]
[EventType "swiss"]
[EventRounds "7"]
[EventCountry "GER"]
[SourceTitle "EXT 2007"]
[Source "ChessBase"]
[SourceDate "2006.11.23"]
[SourceVersion "1"]
[SourceVersionDate "2006.11.23"]
[SourceQuality "1"]

1. e4 c6 2. d4 d5 3. e5 Bf5 4. Bd3 Bxd3 5. Qxd3 Qa5+ 6. c3 Qa6 7. Qc2 e6 8. Ne2 Nd7 9. 0-0 c5 10. f4 g6 11. g4 Rc8 12. Be3 cxd4 13. Bxd4 Bc5 14. Bxc5 Nxc5 15. Nd4 Ne7 16. Nd2 h5 17. g5 Qb6 18. Kh1 Kd7 19. a4 Nf5 20. Nxf5 gxf5 21. Nf3 Ne4 22. Qe2 a6 23. Nd4 h4 24. Rfd1 Ng3+ 25. hxg3 hxg3+ 26. Kg1 Rh2 27. Qf3 Rch8 28. b4 g2 29. Qg3 R2h3 30. Qf2 Rh1+ 31. Kxg2 R1h2+ 32. Kf1 Rxf2+ 33. Kxf2 Rh3 34. Rac1 Ke7 35. Kg2 Rh4 36. Kg3 Rg4+ 37. Kf3 Qc7 38. Rh1 Qc4 39. Rhe1 Qa2 40. Rc2 Qxa4 41. Rh1 Qe8 42. c4 dxc4 43. Rxc4 Qd7 44. Rhc1 Qd5+ 45. Ke3 Qe4+ 46. Kd2 Rg2+ 47. Kc3 Qe3# 0-1

[Event "Augsburg Afro Seniors op 9th"]
[Site "Augsburg"]
[Date "2002.08.09"]
[Round "4"]
[White "Kellner, Adolf"]
[Black "Bauer, Bernd"]
[Result "1/2-1/2"]
[WhiteElo "1549"]
[BlackElo "1747"]
[PlyCount "103"]
[EventDate "2002.08.08"]
[EventType "swiss"]
[EventRounds "7"]
[EventCountry "GER"]
[SourceTitle "EXT 2007"]
[Source "ChessBase"]
[SourceDate "2006.11.23"]
[SourceVersion "1"]
[SourceVersionDate "2006.11.23"]
[SourceQuality "1"]

1. c4 Nf6 2. Nc3 c5 3. e4 d6 4. Nf3 Nc6 5. d3 g6 6. Be2 Bg7 7. 0-0 0-0 8. h3 Ne8 9. Nh2 Nc7 10. Be3 Ne6 11. Qd2 Ned4 12. Bd1 a6 13. Bh6 b5 14. Bxg7 Kxg7 15. b3 e6 16. Ne2 h5 17. Nxd4 Nxd4 18. Nf3 Nxf3+ 19. Bxf3 e5 20. Be2 b4 21. f4 f5 22. Rf3 Bb7 23. Rg3 Qh4 24. Qe1 Kh7 25. exf5 Rxf5 26. Kh2 exf4 27. Rf3 Qxe1 28. Rxe1 Bxf3 29. Bxf3 Raf8 30. Re6 R5f6 31. Re7+ R8f7 32. Re8 Ra7 33. Be4 Kg7 34. Bd5 g5 35. Rg8+ Kh6 36. Be4 g4 37. h4 Rh7 38. Kg1 Re6 39. Ra8 Rhe7 40. Rh8+ Kg7 41. Rxh5 Re5 42. Rh7+ Kg8 43. Rh6 g3 44. Rxd6 a5 45. Kf1 Rh5 46. Ke2 Rxh4 47. Kf3 Rh2 48. Kxf4 Rxe4+ 49. dxe4 Rxg2 50. Rg6+ Kf7 51. Rxg3 Rxa2 52. Rg5 1/2-1/2

[Event "Augsburg Afro Seniors op 9th"]
[Site "Augsburg"]
[Date "2002.08.09"]
[Round "3"]
[White "Locher, Klaus"]
[Black "Kellner, Adolf"]
[Result "1-0"]
[WhiteElo "1824"]
[BlackElo "1549"]
[PlyCount "81"]
[EventDate "2002.08.08"]
[EventType "swiss"]
[EventRounds "7"]
[EventCountry "GER"]
[SourceTitle "EXT 2007"]
[Source "ChessBase"]
[SourceDate "2006.11.23"]
[SourceVersion "1"]
[SourceVersionDate "2006.11.23"]
[SourceQuality "1"]

1. c4 Nf6 2. Nc3 e5 3. g3 c6 4. Nf3 Qc7 5. d4 d6 6. Bg2 Be7 7. 0-0 0-0 8. b3 Nbd7 9. Bb2 b6 10. Rc1 Bb7 11. e4 Rad8 12. Qc2 c5 13. dxe5 dxe5 14. Nd5 Nxd5 15. exd5 Bd6 16. Ng5 Nf6 17. f4 h6 18. Nh3 Ng4 19. Rce1 f6 20. Qg6 Bc8 21. f5 h5 22. Qxh5 Nh6 23. Be4 Bd7 24. g4 Be8 25. Qh4 Kf7 26. g5 Ng8 27. g6+ Ke7 28. Qh7 Bd7 29. Qxg7+ Ke8 30. Qh7 Bc8 31. g7 Rd7 32. gxf8Q+ Kxf8 33. Qh5 Rh7 34. Qf3 Qg7+ 35. Kh1 Bd7 36. Rg1 Qh6 37. Rg3 Be8 38. Reg1 Bf7 39. Qg2 Ne7 40. Bc1 Qh4 41. Nf2 1-0

[Event "Augsburg Afro Seniors op 9th"]
[Site "Augsburg"]
[Date "2002.08.08"]
[Round "2"]
[White "Kellner, Adolf"]
[Black "Juettner, Andreas"]
[Result "0-1"]
[WhiteElo "1549"]
[BlackElo "1987"]
[PlyCount "96"]
[EventDate "2002.08.08"]
[EventType "swiss"]
[EventRounds "7"]
[EventCountry "GER"]
[SourceTitle "EXT 2007"]
[Source "ChessBase"]
[SourceDate "2006.11.23"]
[SourceVersion "1"]
[SourceVersionDate "2006.11.23"]
[SourceQuality "1"]

1. c4 c6 2. Nc3 d5 3. e3 Nf6 4. d4 g6 5. Nf3 Bg7 6. Be2 0-0 7. 0-0 Bg4 8. b3 Qd6 9. a4 Re8 10. Ba3 Qd8 11. h3 Bf5 12. Ra2 Nbd7 13. Bd3 Bxd3 14. Qxd3 Rc8 15. c5 e5 16. dxe5 Nxe5 17. Nxe5 Rxe5 18. f4 Re8 19. Re2 Ne4 20. Nxe4 Rxe4 21. Bb2 Bxb2 22. Rxb2 Qe7 23. Re2 Qxc5 24. f5 Rce8 25. fxg6 hxg6 26. Rf3 Qb6 27. Kh2 Rb4 28. Rf6 Kg7 29. Ref2 Re7 30. Qc3 d4 31. exd4 Rxb3 32. Qc4 Qc7+ 33. Kg1 Rb1+ 34. Rf1 Rxf1+ 35. Rxf1 Qd6 36. Qc3 Qd5 37. Rf4 Re2 38. Qg3 Ra2 39. Rh4 Rd2 40. Kh2 Rxd4 41. Qc3 c5 42. Rf4 Qe5 43. g3 Qe2+ 44. Kg1 Qd1+ 45. Rf1 Qd3 46. Qe1 Re4 47. Qf2 Qe3 48. Kg2 Qxf2+ 0-1